LEADER 01289nam 2200409 450 001 9910467283603321 010 $a80-246-4018-X 035 $a(CKB)4100000007927514 035 $a(MiAaPQ)EBC5752275 035 $a(EXLCZ)994100000007927514 100 $a20190511d2019 uy 0 101 0 $aeng 135 $aurcnu|||||||| 181 $ctxt$2rdacontent 182 $cc$2rdamedia 183 $acr$2rdacarrier 200 10$aMaking the Most of tomorrow $ea laboratory of socialist modernity in Czechoslovakia /$fMatej Spurny? 210 1$a[Place of publication not identified] :$cKarolinum Press,$d2019. 215 $a1 online resource (456 pages) $cillustrations 225 0 $aVa?clav Havel Series 311 $a80-246-4017-1 320 $aIncludes bibliographical references and index. 606 $aCity planning$zCzechoslovakia 606 $aSocialism$zCzechoslovakia 607 $aMost (Czech Republic)$xHistory$y20th century 608 $aElectronic books. 615 0$aCity planning 615 0$aSocialism 676 $a943.71 700 $aSpurny?$b Mate?j$0865750 801 0$bMiAaPQ 801 1$bMiAaPQ 801 2$bMiAaPQ 906 $aBOOK 912 $a9910467283603321 996 $aMaking the Most of tomorrow$91932054 997 $aUNINA LEADER 03044nam 2200421z- 450 001 9910688340403321 005 20210212 035 $a(CKB)3710000001092164 035 $a(oapen)https://directory.doabooks.org/handle/20.500.12854/59320 035 $a(oapen)doab59320 035 $a(EXLCZ)993710000001092164 100 $a20202102d2016 |y 0 101 0 $aeng 135 $aurmn|---annan 181 $ctxt$2rdacontent 182 $cc$2rdamedia 183 $acr$2rdacarrier 200 00$aShifting Paradigms: Thomas S. Kuhn and the History of Science 210 $cEdition Open Access$d2016 215 $a1 online resource (397 p.) 225 1 $aProceedings 8: Max Planck Research Library for the History and Development of Knowledge 311 08$a3-945561-11-6 330 $aThe publication of Thomas S. Kuhn's "Structure of Scientific Revolutions" in 1962 stands for a turning point in the history and philosophy of science. The repercussions of this work have rearticulated the theoretical framework of history and philosophy of science and have also generated discussions that contributed to the formation of the communities of historians as well as philosophers of science in many parts of the world. Different approaches to history of science have since emerged and most of them have the "Structure" as their reference point. In October 2012, a conference at the Max Planck Institute for the History of Science brought together some of the historians of science whose work has played a decisive role in the ways history of science has evolved as a field of research in the past 50 years, both intellectually and institutionally. This volume gathers reflections by many of these historians on the history of the history of science, based on the presentations and discussions at the conference. The topics covered range from personal recollections of working with Thomas Kuhn to broad overviews of the historical development of the history of science as a discipline in the past half-century. The series Proceedings of the Max Planck Research Library for the History and Development of Knowledge presents the results of scientific meetings on current issues and supports further cooperation on these issues via an electronic platform. The volumes are available both as print-on-demand books and as open-access publications on the Internet. The material is freely accessible online at www.edition-open-access.de. 517 $aShifting Paradigms 606 $aScience$xPhilosophy$vCongresses 606 $aScience$xHistoriography$vCongresses 606 $aScience$xHistory$vCongresses 615 0$aScience$xPhilosophy 615 0$aScience$xHistoriography 615 0$aScience$xHistory 700 $aChristian Joas (ed.)$4auth$01351513 702 $aJürgen Renn (ed.)$4auth 702 $aAlexander Blum (ed.)$4auth 702 $aKostas Gavroglu (ed.)$4auth 906 $aBOOK 912 $a9910688340403321 996 $aShifting Paradigms: Thomas S. Kuhn and the History of Science$93114711 997 $aUNINA